[Event "Catalunya-ch Seniors"]
[Site "Andorra"]
[Date "2006.07.23"]
[Round "6"]
[White "Planell Torras, Josep"]
[Black "Gomez Abad, Antonio"]
[Result "1-0"]
[WhiteElo "2132"]
[BlackElo "1891"]
[PlyCount "69"]
[EventDate "2006.07.18"]
[EventType "swiss"]
[EventRounds "9"]
[EventCountry "ESP"]
[SourceTitle "EXT 2019"]
[Source "ChessBase"]
[SourceDate "2018.10.10"]
[SourceVersion "1"]
[SourceVersionDate "2018.10.10"]
[SourceQuality "1"]

1. d4 d5 2. c4 e6 3. Nc3 Nf6 4. Nf3 a6 5. e3 Nc6 6. Bd3 dxc4 7. Bxc4 b5 8. Bd3 Bb7 9. 0-0 Ne7 10. Be2 Ng6 11. Bd2 h5 12. Rc1 Bd6 13. h3 Ne4 14. Nxe4 Bxe4 15. Bc3 f5 16. Bd3 Nh4 17. Bxe4 fxe4 18. Nxh4 Qxh4 19. f4 Qg3 20. Qe2 0-0 21. a4 Rf5 22. Be1 Qg6 23. Ba5 c5 24. dxc5 Bxc5 25. axb5 axb5 26. Bc3 Qg3 27. Bd2 Rxf4 28. Rxc5 Rxf1+ 29. Qxf1 Rf8 30. Qe2 Qd6 31. Rxb5 Rd8 32. Bc3 Qa6 33. Qxh5 Qa1+ 34. Kh2 Rd1 35. Rb8+ 1-0

[Event "Catalunya-chT"]
[Site "Spain"]
[Date "2004.??.??"]
[Round "4"]
[White "Planell Torras, Josep"]
[Black "Bohigas Santasusagna, Lluis"]
[Result "0-1"]
[WhiteElo "2135"]
[BlackElo "2195"]
[PlyCount "46"]
[EventDate "2004.??.??"]
[EventType "team"]
[EventRounds "9"]
[EventCountry "ESP"]
[SourceTitle "EXT 2007"]
[Source "ChessBase"]
[SourceDate "2006.11.23"]
[SourceVersion "1"]
[SourceVersionDate "2006.11.23"]
[SourceQuality "1"]

1. d4 Nf6 2. c4 e5 3. e3 exd4 4. exd4 Bb4+ 5. Bd2 Bxd2+ 6. Nxd2 0-0 7. Qc2 Re8+ 8. Be2 d5 9. 0-0-0 Nc6 10. Ndf3 Ne4 11. Rf1 Bf5 12. Qb3 Na5 13. Qb4 c5 14. dxc5 b6 15. c6 Rc8 16. Nd4 Nxc6 17. Nxc6 Rxc6 18. f3 Nd6 19. Rd1 Nxc4 20. f4 Ne3+ 21. Kd2 Rc2+ 22. Ke1 Rxe2+ 23. Nxe2 Nc2+ 0-1